ბათუმის შოთა რუსთაველის სახელმწიფო უნივერსიტეტის ბიბლიოთეკა

საკურსო გეგმარება მექანიზმებისა და მანქანების თეორიაში / (ბიბ.ჩანაწერი № 37420)

000 -ლიდერი
ფიქსირებული სიგრძის საკონტროლო ველი 00959nam a2200205Ia 4500
001 - საკონტროლო ნომერი
საკონტროლო ველი 3379
003 - საკონტროლო ნომრის იდენტიფიკატორი
საკონტროლო ველი GE_BSU
005 - ბოლო ოპერაციის თარიღი და დრო
საკონტროლო ველი 20190606191927.0
008 - ფიქსირებული სიგრძის მონაცემთა ელემენტები - ზოგადი ინფორმაცია
ფიქსირებული სიგრძის საკონტროლო ველი 181216s1964||||ge |||||||||||||| ||geo||
040 ## - კატალოგიზაციის წყარო
Transcribing agency GE_BSU
041 ## - ენის კოდი
Language code of text/sound track or separate title geo
080 ## - უნივერსალური ათობითი კლასიფიკაციის ინდექსი
Universal Decimal Classification number 621.01(075.8) ო–73
100 ## - მთავარი ჩანაწერი - პიროვნების სახელი
Personal name ოსიპოვა,ა.
9 (RLIN) 2218
245 ## - ცნობა სათაურის შესახებ
Title საკურსო გეგმარება მექანიზმებისა და მანქანების თეორიაში /
Statement of responsibility, etc ა. ოსიპოვა ; რედ : ც. ანდღულაძე.
264 ## - წარმოების, გამოცემის, დისტრიბუციის და სხვა ცნობები
გამოცემის, წარმოების, დისტრიბუციის... ადგილი თბილისი :
გამოცემის, წარმოების, დისტრიბუციის... სახელწოდება ცოდნა,
გამოცემის, წარმოების, დისტრიბუციის... თარიღი 1964.
300 ## - ფიზიკური აღწერა
Extent 201 გვ.:
Other physical details ილ.
Dimensions 26 სმ.
Accompanying material ცხრ.
653 ## - INDEX TERM--UNCONTROLLED
Uncontrolled term საკურსო გეგმარება მექანიზმებისა და მანქანების თეორიაში
700 ## - ADDED ENTRY--PERSONAL NAME
Personal name ანდღულაძე, ა
Relator term რედაქტორი
9 (RLIN) 2256
942 ## - ADDED ENTRY ELEMENTS (KOHA)
Koha item type წიგნი
Source of classification or shelving scheme
ეგზემპლარები
ჩამოწერის სტატუსი დაკარგული ეგზემპლარის სტატუსი კლასიფიკაციის წყარო ან თაროზე გაწყობის სქემა დაზიანების სტატუსი არ გაიცემა მუდმივი მდებარეობა (დაცვის ადგილი) ამჟამინდელი ადგილსამყოფელი თაროზე განთავსების ადგილი შეძენის თარიღი ღირებულება, შესყიდვის ნორმალური ფასი სრული შენახვის შიფრი შტრიხკოდი ბოლო ოპერაციის თარიღი ეგზემპლარის მიმდევრობითი ნომერი (კეტერი?) ფასის ძალაში შესვლის თარიღი ეგზემპლარის სახეობა საჯარო შენიშვნა
          ტექნოლოგიური ფაკულტეტის ბიბლიოთეკა ტექნოლოგიური ფაკულტეტის ბიბლიოთეკა წიგნსაცავი 2018-12-17 1.00 621.01(075.8) ო–73 10574 2018-12-17 10574 2018-12-17 წიგნი 1 ლ. 50 თ.
          ტექნოლოგიური ფაკულტეტის ბიბლიოთეკა ტექნოლოგიური ფაკულტეტის ბიბლიოთეკა წიგნსაცავი 2018-12-17 1.00 621.01(075.8) ო–73 10575 2018-12-17 10575 2018-12-17 წიგნი 1 ლ. 50 თ.